000
00323nam a22001337a 4500
008
180927b xxu||||| |||| 00| 0 eng d
020
_a
9781412977371
041
_a
eng
080
_2
3 ED
_a
330
100
_a
53
101
_a
ECU
245
_a
Close Encounters Communication In Relations
_c
Gerro.L.K
942
_2
udc
_c
BK
999
_c
48566
_d
48566